Cambodja Trivia Quiz - Statistieken

Algemene statistieken
  • Deze quiz is 382 keer genomen
  • De gemiddelde score is 12 van 17
Antwoordstatistieken
Hint Antwoord % Correct
Aangrenzende landen Laos
98%
Aangrenzende landen Thailand
98%
Aangrenzende landen Vietnam
98%
Land waarvan Cambodja een kolonie was van 1867 tot 1953 Frankrijk
84%
Hoofdstad Phnom Penh
81%
Land dat in 1970 Cambodja binnenviel Verenigde Staten
80%
Religie wordt beoefend door 97% van de Cambodjaanse bevolking Boeddhisme
77%
Dingen in de grond die sinds 1970 naar schatting 60.000 mensen hebben gedood Landmijnen
72%
Die taal heeft 74 ____, meer dan welke andere taal dan ook Letters
71%
Beruchte dictator die eind jaren zeventig ongeveer 20% van de Cambodjaanse bevolking heeft gedood. Pol Pot
67%
Grote rivier die door die stad loopt Mekong
66%
Oud tempelcomplex dat ook op de vlag te zien is Angkor Wat
64%
Schiereiland waarop Cambodja ligt Indochina
60%
Die dictator probeerde de "Grote sprong voorwaarts" van deze persoon na te bootsen Mao Zedong
60%
Officiële taal Khmer
57%
Stad waar dat tempelcomplex bij ligt Siem Reap
33%
Andere naam voor Cambodja Kampuchea
29%
Geen overeenkomende quizzen gevonden
Scoreverdeling
Procent van Mensen met Elke Score
Percentiel versus Aantal Correcte Antwoorden
Uw Scoregeschiedenis
U heeft deze quiz nog niet genomen